Disney's Frozen 2 - All is Found Lyrics - Statistics

General Stats
  • This quiz has been taken 326 times
  • The average score is 13 of 17
Answer Stats
Lyrics % Correct
There's a river full of {memory}
99%
Where the {north} {wind} meets the sea
97%
Sleep, {my} {darling}, safe and sound
96%
then all is {found}
88%
Where the north wind meets {the} {sea}
87%
But not too far or you'll be {drowned}
82%
When all is {lost}.
79%
For in {this} {river}, all is found
74%
In her waters, {deep} {and} {true}
71%
Lie the answers and {a} {path} for you
71%
Come, my darling, {homeward} {bound}
68%
{Dive} {down} deep into her sound
64%
There's {a} {mother}, full of memory
64%
Can you {face} what river knows?
63%
Yes, she will sing to those {who} {hear}
63%
And in her song, all magic {flows}
62%
But can you {brave} what you most fear?
47%
No matching quizzes found
Score Distribution
Percent of People with Each Score
Percentile by Number Answered
Your Score History
You have not taken this quiz